Héros Overwatch 2 avec portrait FR - Statistiques

Statistiques générales
  • Ce quiz a été pris 62 fois
    8 depuis la dernière actualisation
  • Le résultat moyen est 31 sur 50
Statistiques - réponses
Par images Réponse % Correct
Ana
100%
Ange
100%
Baptiste
83%
Brigitte
83%
Illari
83%
Jetpack Cat
83%
Kiriko
83%
Lucio
83%
Moira
83%
Ashe
67%
Bastion
67%
Cassidy
67%
Chacal
67%
Écho
67%
Emre
67%
Fatale
67%
Faucheur
67%
Genji
67%
Hanzo
67%
Juno
67%
Mei
67%
Mizuki
67%
Pharah
67%
Venture
67%
Vital
67%
Wuyang
67%
Zenyatta
67%
Anran
50%
Bouldozer
50%
Chopper
50%
Danger
50%
Domina
50%
Doomfist
50%
D.VA
50%
Freja
50%
Mauga
50%
Orisa
50%
Ramattra
50%
Reine des junkers
50%
Reinhart
50%
Sigma
50%
Sojourn
50%
Soldat : 76
50%
Sombra
50%
Symmetra
50%
Torbjörn
50%
Tracer
50%
Vendetta
50%
Winston
50%
Zarya
50%
Aucun quiz correspondant
Distribution des résultats
% des personnes avec chaque résultat
Percentile par nombre de réponses
Votre historique - résultats
Vous n’avez pas pris ce quiz depuis la dernière actualisation